| 000 | 01855nam a22002297a 4500 | ||
|---|---|---|---|
| 003 | OSt | ||
| 005 | 20250825094408.0 | ||
| 008 | 250825b es |||||| 00| f spa d | ||
| 020 | _a978-84-204-2393-7 | ||
| 040 | _cBesoc | ||
| 080 | _082-31(83) | ||
| 100 | 1 |
_aBolaño, Roberto, _d1953-2003. _eautor |
|
| 245 | 1 | 4 |
_aLos detectives salvajes / _cRoberto Bolaño. |
| 250 | _a1a ed. | ||
| 260 |
_aBarcelona : _bAlfaguara, _c2016. |
||
| 300 |
_a785 p. ; _c24 cm. |
||
| 490 | 0 | _aNarrativa Hispánica | |
| 520 | 3 | _aTodo lo que comienza como comedia indefectiblemente acaba como misterio. Dos jóvenes poetas latinoamericanos, Arturo Belano y Ulises Lima, emprenden una aventura que transcurrirá durante varias décadas y cruzará distintos países. Símbolo de la rebeldía y la necesidad de ruptura con la realidad establecida, sus vidas representan los anhelos de toda una generación. La búsqueda en 1975 de la misteriosa escritora mexicana Cesárea Tinajero, desaparecida y olvidada en los años posteriores a la revolución, sirve de inicio a un viaje sin descanso marcado por el amor, la muerte, el deseo de libertad, el humor y la literatura. En esta novela está esbozado, como si de un juego de cajas chinas se tratara, todo el deslumbrante universo literario y personal de Roberto Bolaño. Entre la narrativa detectivesca, la novela «de carretera», el relato biográfico y la crónica, Los detectives salvajes está considerada por la crítica y el público de todo el mundo como una de las mejores y más originales ficciones escritas en las últimas décadas. Ganadora de los premios Herralde y Rómulo Gallegos, en ella está esbozado, como si de un juego de cajas chinas se tratara, todo el deslumbrante universo literario y personal de Roberto Bolaño. | |
| 650 | 4 |
_aLiteratura chilena _ySiglo XX |
|
| 655 | 4 | _aNovela | |
| 942 |
_2udc _cLPD _n0 |
||
| 999 |
_c558 _d558 |
||